Deutsche Städte nach Stadtteilen - Statistiken

Allgemein
  • Dieses Quiz wurde 259 mal gespielt
  • Das Durchschnittsergebnis liegt bei 8 aus 15
Antwortstatistiken
Hint Antwort % Korrekt
Charlottenburg, Köpenick, Spandau Berlin
99%
Altona, St. Pauli, Wandsbek Hamburg
99%
Buer, Rotthausen, Schalke Gelsenkirchen
92%
Pasing, Schwabing, Trudering München
92%
Bad Cannstatt, Degerloch, Vaihingen Stuttgart
92%
Casterfeld, Neckarstadt, Waldhof Mannheim
85%
Chorweiler, Deutz, Ehrenfeld Köln
83%
Moisling, Schlutup, Travemünde Lübeck
80%
Marxloh, Obermeiderich, Rheinhausen Duisburg
69%
Groß Klein, Toitenwinkel, Warnemünde Rostock
69%
Jungfernkopf, Rothenditmold, Wilhelmshöhe Kassel
67%
Burglesum, Huchting, Vegesack Bremen
64%
Abtnaundorf, Connewitz, Volkmarsdorf Leipzig
64%
Elberfeld, Oberbarmen, Vohwinkel Wuppertal
64%
Linn, Oppum, Uerdingen Krefeld
62%
Odenkirchen, Rheindahlen, Rheydt Mönchengladbach
59%
Hamme, Langendreer, Wattenscheid Bochum
57%
Bad Godesberg, Beuel, Vilich Bonn
57%
Cossebaude, Klotzsche, Trachau Dresden
56%
Griesheim, Höchst, Seckbach Frankfurt am Main
55%
Kettwig, Steele, Überruhr Essen
53%
Angermund, Benrath, Bilk Düsseldorf
46%
Gonsenheim, Laubenheim, Mombach Mainz
46%
Durlach, Hagsfeld, Rüppurr Karlsruhe
45%
Biebrich, Igstadt, Naurod Wiesbaden
44%
Landwasser, Littenweiler, Zähringen Freiburg im Breisgau
38%
Aplerbeck, Kirchhörde, Mengede Dortmund
37%
Hiltrup, Mecklenbeck, Sprakel Münster
34%
Brackwede, Jöllenbeck, Sennestadt Bielefeld
31%
Gliesmarode, Timmerlah, Watenbüttel Braunschweig
31%
Ahlem, Leinhausen, Misburg Hannover
29%
Erlenstegen, Langwasser, Steinbühl Nürnberg
29%
Ammendorf, Giebichenstein, Trotha Halle (Saale)
28%
Dümpten, Osterfeld, Sterkrade Oberhausen
27%
Eilendorf, Richterich, Rothe Erde Aachen
24%
Göggingen, Haunstetten, Oberhausen Augsburg
23%
Bischleben, Gispersleben, Salomonsborn Erfurt
23%
Elmschenhagen, Hasseldieksdamm, Suchsdorf Kiel
21%
Einsiedel, Erfenschlag, Hilbersdorf Chemnitz
17%
Herrenkrug, Pechau, Rothensee Magdeburg
16%
Keine übereinstimmenden Quizze gefunden
Verteilung der Resultate
Anzahl Personen mit jedem Resultat
Perzentil nach korrekt beantworteten Fragen
Ihre Resultats-Entwicklung
Sie haben dieses Quiz noch nicht gespielt